000 00680nam a2200289Ia 4500
005 20260324143056.0
008 008 260324s9999 xx 000 0 eng d
020 _a9781315889238
037 _aEBOOK
040 _aCRL
040 _beng
040 _cCRL
041 _2eng
041 _aeng
084 _qCRL
100 _aSusan Kamholtz Gubar
_91214285
245 0 _aEnglish Inside and Out
245 4 _bThe Places of Literary Criticism
260 _bTaylor and Francis
260 _c1993
365 _a
365 _b230
856 _uhttp://www.taylorfrancis.com/books/9781315889238
942 _cEBOOK
999 _c1819276
_d1819276